BUSINESS RECORDS CONTROL (Record no. 4457)

MARC details
000 -LEADER
fixed length control field 00381nam a22001457a 4500
008 - FIXED-LENGTH DATA ELEMENTS--GENERAL INFORMATION
fixed length control field 250811b |||||||| |||| 00| 0 eng d
020 ## - INTERNATIONAL STANDARD BOOK NUMBER
ISBN 0538111402
100 ## - MAIN ENTRY--AUTHOR
Author GOODMAN DAVID G.
245 ## - TITLE STATEMENT
Title BUSINESS RECORDS CONTROL
250 ## - EDITION STATEMENT
Edition statement 6th
260 ## - PUBLICATION, DISTRIBUTION, ETC. (IMPRINT)
Place of publication UNITED STATES OF AMERICA
Name of publisher SOUTH-WESTERN PUBLISHING CO.
Date of publication 1987
300 ## - COLLATION
Pagination 245p.
942 ## - ADDED ENTRY ELEMENTS (KOHA)
Item type Books
050 ## - LIBRARY OF CONGRESS CALL NUMBER
Classification number HD 32.2 .G66
Item number .G66
Holdings
Source of classification or shelving scheme Not for loan Permanent location Current location Date acquired Accession No. Full call number Barcode. Koha item type
Library of Congress Classification   Samuel Ogbemudia Main Library, University of Abuja Samuel Ogbemudia Main Library, University of Abuja 08/11/2025 2011/42200 HD 32.2 .G66 2025-3238 Books